| 000 | 00968nas a2200289 i 4500 | ||
|---|---|---|---|
| 001 | 2299 | ||
| 003 | ES-MaACL | ||
| 005 | 20250330181129.0 | ||
| 007 | t| | ||
| 008 | 950801d19822018sp w| | 1 ||pa d | ||
| 022 | _a0213-1951 | ||
| 080 | _a(051) | ||
| 245 | 0 | 0 | _aTiempo de hoy. |
| 260 |
_aMadrid : _bEdiciones Tiempo, _c1982-2018. |
||
| 300 |
_a86 v. : _bil. ; _c28 cm. |
||
| 310 | _aSemanal | ||
| 362 | 0 | _aN. 1 (17 mayo 1982)- n. 1823 (26 en. 2018) | |
| 500 | _aDescripción basada en : n. 159 (may. 1985) | ||
| 650 | 1 | 4 |
_aRevistas de información general. _916896 |
| 655 | 7 |
_2tgfbne _9226866 _aRevistas |
|
| 852 |
_aES-MaACL _jHem-1811 _zExpurgado marzo 2025; posterior 1958 |
||
| 856 |
_uhttps://dialnet.unirioja.es/servlet/revista?codigo=18396 _zSumarios de la revista en Dialnet |
||
| 866 | 0 | _o(1985f.ene.-abr.)1986-89(1990f.n.417-423)1991-01, (2002-03),2004,(2005-07). | |
| 942 |
_2udc _cPERIODICA |
||
| 999 |
_c2299 _d2299 |
||